| 000 | 00408nam a2200181Ia 4500 | ||
|---|---|---|---|
| 008 | 210210b1925 xxu||||| |||| 00| 0 eng d | ||
| 041 | _aeng | ||
| 082 | _a823/41 | ||
| 100 | _aSHAKESPEARE (William) | ||
| 245 | _aAs you like it | ||
| 260 |
_aLondon _bCollins Clear Type Press _c1925 |
||
| 650 | _ayou | ||
| 650 | _alike | ||
| 650 | _ait | ||
| 650 | _aAs | ||
| 690 | _aEnglish Drama | ||
| 906 | _a013593 | ||
| 999 |
_c132474 _d132474 |
||